[Event "Benidorm op-A"]
[Site "Benidorm"]
[Date "2023.11.01"]
[Round "5"]
[White "Draghici Flutur, Gavril"]
[Black "Doll, Rebecca"]
[Result "1-0"]
[WhiteElo "1955"]
[BlackElo "1896"]
[PlyCount "65"]
[EventDate "2023.10.29"]
[EventType "swiss"]
[EventRounds "9"]
[EventCountry "ESP"]
[SourceTitle "Mega2024 Update 01"]
[Source "Chessbase"]
[SourceDate "2023.11.12"]
[SourceVersion "1"]
[SourceVersionDate "2023.11.12"]
[SourceQuality "1"]

1. e4 e5 2. Nc3 Nf6 3. g3 d5 4. exd5 Nxd5 5. Bg2 Nxc3 6. bxc3 Nc6 7. Nf3 Bc5 8. 0-0 0-0 9. Re1 Qf6 10. d4 exd4 11. Bg5 Qg6 12. cxd4 Nxd4 13. Be3 Nxf3+ 14. Bxf3 Bxe3 15. Rxe3 Qf6 16. Rb1 Rb8 17. Qe2 b6 18. Re7 Qc3 19. Bd5 Bf5 20. Bb3 Rbd8 21. Re1 Qc6 22. Rxf7 Rxf7 23. Bxf7+ Kh8 24. Qe7 Qd7 25. Qxd7 Bxd7 26. Rd1 g6 27. Be6 Bxe6 28. Rxd8+ Kg7 29. a3 c6 30. Rd6 Bd5 31. f4 b5 32. Rd7+ Kf6 33. Rxa7 1-0

[Event "Benidorm op-A"]
[Site "Benidorm"]
[Date "2023.10.29"]
[Round "1"]
[White "Doll, Rebecca"]
[Black "Grabuzova, Tatiana"]
[Result "0-1"]
[WhiteElo "1896"]
[BlackElo "2173"]
[PlyCount "90"]
[EventDate "2023.10.29"]
[EventType "swiss"]
[EventRounds "9"]
[EventCountry "ESP"]
[SourceTitle "Mega2024 Update 01"]
[Source "Chessbase"]
[SourceDate "2023.11.12"]
[SourceVersion "1"]
[SourceVersionDate "2023.11.12"]
[SourceQuality "1"]

1. e4 e6 2. d4 d5 3. Nd2 c5 4. exd5 exd5 5. Ngf3 Nc6 6. Bb5 Qe7+ 7. Qe2 Qxe2+ 8. Kxe2 a6 9. Bxc6+ bxc6 10. dxc5 a5 11. Re1 f6 12. Kf1+ Kf7 13. c3 Bxc5 14. Nb3 Bd6 15. Be3 a4 16. Nc5 Ne7 17. Kg1 Ra5 18. Nd3 Bf5 19. Bf4 Bxf4 20. Nxf4 g5 21. Ne2 c5 22. b4 axb3 23. axb3 Rha8 24. Rxa5 Rxa5 25. b4 cxb4 26. cxb4 Ra4 27. b5 Rb4 28. h3 Rxb5 29. Ned4 Rb1 30. g4 Rxe1+ 31. Nxe1 Be4 32. f3 Bb1 33. Ng2 Ng6 34. Kf2 Ke7 35. f4 gxf4 36. h4 Be4 37. h5 Ne5 38. Nf5+ Kd7 39. Nh6 f3 40. Nf4 d4 41. Nh3 Bc2 42. g5 d3 43. Nf5 d2 44. Ne3 Ng4+ 45. Kxf3 Nxe3 0-1

[Event "GER-ch (Women)"]
[Site "Ostfildern"]
[Date "2023.08.18"]
[Round "7"]
[White "Doll, Rebecca"]
[Black "Bashylina, Luisa"]
[Result "0-1"]
[WhiteElo "1799"]
[BlackElo "2152"]
[PlyCount "94"]
[EventDate "2023.08.14"]
[EventType "swiss"]
[EventRounds "9"]
[EventCountry "GER"]
[SourceTitle "CBM 215 Extra"]
[Source "ChessBase"]
[SourceDate "2023.09.30"]
[SourceVersion "1"]
[SourceVersionDate "2023.09.30"]
[SourceQuality "1"]

1. e4 c5 2. Nf3 d6 3. d4 cxd4 4. Nxd4 Nf6 5. Nc3 a6 6. h3 g6 7. a4 Bg7 8. Be3 0-0 9. g3 Nc6 10. Bg2 Na5 11. b3 Qc7 12. Qd2 Nc6 13. Nde2 Bd7 14. Rc1 Nb4 15. 0-0 Rac8 16. Bd4 Rfe8 17. Nd5 Nfxd5 18. exd5 Na2 19. Ra1 Nc3 20. Bxg7 Kxg7 21. Nf4 Qc5 22. Rfe1 b5 23. axb5 axb5 24. Qe3 Qxe3 25. Rxe3 Bf5 26. Nd3 Bxd3 27. cxd3 Kf8 28. d4 Rc7 29. Ra6 Rec8 30. Rc6 Nxd5 31. Rxc7 Nxc7 32. Bc6 Rb8 33. Bg2 Ne6 34. Re4 Rc8 35. Bf1 Rc1 36. Kg2 Nc7 37. Re3 b4 38. Be2 Nd5 39. Rf3 Nc3 40. Bd3 e6 41. h4 Rd1 42. h5 Kg7 43. g4 Rd2 44. g5 gxh5 45. Rh3 Nd5 46. Kf1 Nf4 47. Rf3 Rd1# 0-1

[Event "GER-ch (Women)"]
[Site "Ostfildern"]
[Date "2023.08.16"]
[Round "3"]
[White "Doll, Rebecca"]
[Black "Groeschel, Karoline"]
[Result "1/2-1/2"]
[WhiteElo "1799"]
[BlackElo "1934"]
[PlyCount "68"]
[EventDate "2023.08.14"]
[EventType "swiss"]
[EventRounds "9"]
[EventCountry "GER"]
[SourceTitle "CBM 215 Extra"]
[Source "ChessBase"]
[SourceDate "2023.09.30"]
[SourceVersion "1"]
[SourceVersionDate "2023.09.30"]
[SourceQuality "1"]

1. e4 c5 2. Nf3 e6 3. d4 cxd4 4. Nxd4 a6 5. c4 Nf6 6. Nc3 Qc7 7. a3 b6 8. Be3 Bb7 9. f3 Nc6 10. Be2 Be7 11. 0-0 0-0 12. b4 Ne5 13. Qb3 Ng6 14. Kh1 d6 15. Rfc1 Rac8 16. Na4 Nd7 17. Rab1 Rb8 18. Qa2 Rfc8 19. Bf1 Qd8 20. Qf2 Ba8 21. Nc3 Nge5 22. Qa2 Kh8 23. Be2 Nf6 24. Rc2 Bb7 25. Rd1 Qc7 26. Na4 Ned7 27. Bf1 Qd8 28. Rcc1 Qe8 29. Nc3 Ne5 30. Qb3 Nfd7 31. Na4 Ba8 32. Nc3 Bb7 33. Na4 Ba8 34. Nc3 Bb7 1/2-1/2

[Event "GER-ch U18 Girls"]
[Site "Willingen"]
[Date "2023.06.01"]
[Round "7"]
[White "Kieckbusch, Lotta"]
[Black "Doll, Rebecca"]
[Result "0-1"]
[WhiteElo "1308"]
[BlackElo "1918"]
[PlyCount "92"]
[EventDate "2023.05.27"]
[EventType "swiss"]
[EventRounds "9"]
[EventCountry "GER"]
[SourceTitle "CBM 214 Extra"]
[Source "ChessBase"]
[SourceDate "2023.07.31"]
[SourceVersion "1"]
[SourceVersionDate "2023.07.31"]
[SourceQuality "1"]

1. e4 e5 2. Nf3 Nc6 3. d4 exd4 4. Bc4 Bc5 5. c3 Nf6 6. e5 d5 7. Bb5 Ne4 8. cxd4 Bb6 9. 0-0 0-0 10. Nc3 Bg4 11. Bxc6 bxc6 12. Qd3 Bf5 13. Qe2 f6 14. Nh4 fxe5 15. Nxf5 Rxf5 16. Nxe4 dxe4 17. Qxe4 Rh5 18. dxe5 Qd5 19. Qxd5+ cxd5 20. Bf4 Rf5 21. Bg3 Re8 22. Rfe1 Re6 23. Rad1 c6 24. Re2 Kf7 25. b4 d4 26. Rd3 g5 27. h3 Re8 28. Bh2 Ke6 29. Rd1 Kd5 30. g4 Rf7 31. Kf1 Re6 32. a3 Kc4 33. Red2 Rf3 34. Kg2 Rxa3 35. f4 gxf4 36. Bxf4 Rb3 37. h4 Rxb4 38. Kf3 Kd5 39. g5 Bc7 40. Ra2 a5 41. Bd2 Rb7 42. Bf4 c5 43. h5 Bxe5 44. Bxe5 Rxe5 45. Rxa5 Rxg5 46. Rc1 Rc7 0-1

[Event "GER-ch U18 Girls"]
[Site "Willingen"]
[Date "2023.05.31"]
[Round "6"]
[White "Doll, Rebecca"]
[Black "Hafermann, Lara"]
[Result "0-1"]
[WhiteElo "1918"]
[BlackElo "1498"]
[PlyCount "92"]
[EventDate "2023.05.27"]
[EventType "swiss"]
[EventRounds "9"]
[EventCountry "GER"]
[SourceTitle "CBM 214 Extra"]
[Source "ChessBase"]
[SourceDate "2023.07.31"]
[SourceVersion "1"]
[SourceVersionDate "2023.07.31"]
[SourceQuality "1"]

1. e4 c5 2. Nf3 Nc6 3. d4 cxd4 4. Nxd4 e5 5. Nb5 d6 6. N1c3 a6 7. Na3 Be7 8. Nc4 b5 9. Ne3 Nf6 10. a3 0-0 11. g3 Be6 12. Bg2 Qd7 13. 0-0 Rfd8 14. f4 Qb7 15. f5 Bd7 16. Ncd5 Nxd5 17. Nxd5 f6 18. Be3 Be8 19. Qd2 Bf7 20. Rfc1 Bf8 21. c4 Ne7 22. Nb6 Rab8 23. b3 Nc8 24. Nd5 Ne7 25. Rc2 bxc4 26. bxc4 Nxd5 27. cxd5 Rdc8 28. Rac1 Be8 29. Rc3 Be7 30. Bf1 Bd8 31. Kg2 Ba5 32. Rxc8 Bxd2 33. Rxb8 Qxb8 34. Bxd2 Qb2 35. Rc8 Qxd2+ 36. Kh3 Kf7 37. Bxa6 Qd4 38. Rc7+ Kf8 39. Bc8 Qxe4 40. Be6 Qa4 41. Rc8 Qa7 42. Kg2 Ke7 43. h4 Qb7 44. Kh3 Bd7 45. Rg8 Bxe6 46. fxe6 Qxd5 0-1

[Event "GER-ch U18 Girls"]
[Site "Willingen"]
[Date "2023.05.31"]
[Round "5"]
[White "Zoellner, Bente"]
[Black "Doll, Rebecca"]
[Result "1/2-1/2"]
[WhiteElo "1700"]
[BlackElo "1918"]
[PlyCount "85"]
[EventDate "2023.05.27"]
[EventType "swiss"]
[EventRounds "9"]
[EventCountry "GER"]
[SourceTitle "CBM 214 Extra"]
[Source "ChessBase"]
[SourceDate "2023.07.31"]
[SourceVersion "1"]
[SourceVersionDate "2023.07.31"]
[SourceQuality "1"]

1. d4 d5 2. c4 e6 3. Nc3 Nf6 4. cxd5 exd5 5. Bg5 Nbd7 6. e3 Be7 7. Bd3 c6 8. Nge2 0-0 9. Qc2 Re8 10. 0-0 Nf8 11. a3 b5 12. Kh1 g6 13. f3 Ne6 14. Bh4 Bb7 15. Rad1 Rc8 16. b4 a5 17. Qb3 axb4 18. axb4 Ra8 19. Ra1 Qd6 20. Rxa8 Rxa8 21. Rb1 Kg7 22. Bg3 Qd8 23. Be5 Bd6 24. e4 dxe4 25. Nxe4 Bxe5 26. dxe5 Nxe4 27. Bxe4 Qd2 28. Qd3 Rd8 29. Qxd2 Rxd2 30. Nc3 Nd4 31. Rd1 Rxd1+ 32. Nxd1 Bc8 33. Kg1 Bf5 34. Bxf5 gxf5 35. Nb2 f6 36. exf6+ Kxf6 37. Kf2 Ke5 38. Nd3+ Kd5 39. Ke3 Nb3 40. Kf4 Kd4 41. Ne5 c5 42. bxc5 Nxc5 43. Nc6+ 1/2-1/2

[Event "GER-ch U18 Girls"]
[Site "Willingen"]
[Date "2023.05.29"]
[Round "3"]
[White "Groeschel, Karoline"]
[Black "Doll, Rebecca"]
[Result "1-0"]
[WhiteElo "1892"]
[BlackElo "1918"]
[PlyCount "123"]
[EventDate "2023.05.27"]
[EventType "swiss"]
[EventRounds "9"]
[EventCountry "GER"]
[SourceTitle "CBM 214 Extra"]
[Source "ChessBase"]
[SourceDate "2023.07.31"]
[SourceVersion "1"]
[SourceVersionDate "2023.07.31"]
[SourceQuality "1"]

1. e4 e5 2. Nf3 Nc6 3. Bb5 a6 4. Ba4 Nf6 5. 0-0 Be7 6. Re1 b5 7. Bb3 d6 8. c3 0-0 9. h3 Bb7 10. d4 Re8 11. Nbd2 Bf8 12. a4 Na5 13. Bc2 b4 14. d5 bxc3 15. bxc3 c6 16. c4 Qc7 17. Bd3 Reb8 18. Nf1 h6 19. Be3 Bc8 20. N3d2 Rb4 21. Qc2 Rab8 22. Reb1 c5 23. f4 Nd7 24. f5 Be7 25. Nh2 Qd8 26. Nhf3 Nf8 27. Rxb4 Rxb4 28. Rb1 Qb6 29. Rxb4 Qxb4 30. Nb1 Qb3 31. Qxb3 Nxb3 32. Bc2 Nd4 33. Bd1 Nd7 34. a5 Nf6 35. Bxd4 cxd4 36. Bc2 Bd8 37. c5 dxc5 38. Nxe5 Bxa5 39. Nc6 d3 40. Bxd3 c4 41. Nxa5 cxd3 42. Nd2 Kf8 43. Kf2 Bd7 44. Ke3 Bb5 45. Nac4 Ke7 46. Kxd3 a5 47. Kd4 a4 48. g4 Nd7 49. e5 Ba6 50. d6+ Ke8 51. e6 Nf6 52. Ne5 fxe6 53. fxe6 Bb7 54. Kc5 Bd5 55. d7+ Ke7 56. Nc6+ Bxc6 57. Kxc6 a3 58. h4 g5 59. h5 a2 60. Nb3 Kd8 61. Kd6 Ne4+ 62. Kd5 1-0

[Event "Oberliga Baden 2223"]
[Site "Germany"]
[Date "2022.11.27"]
[Round "4.7"]
[White "Doll, Rebecca"]
[Black "Mueller, Erich"]
[Result "1/2-1/2"]
[WhiteElo "1985"]
[BlackElo "2125"]
[PlyCount "130"]
[EventDate "2022.09.18"]
[EventType "team-tourn"]
[EventRounds "9"]
[EventCountry "GER"]
[SourceTitle "EXT 2024"]
[Source "ChessBase"]
[SourceDate "2023.10.10"]
[SourceVersion "1"]
[SourceVersionDate "2023.10.10"]
[SourceQuality "1"]
[WhiteTeam "Baden-Baden III"]
[BlackTeam "Ladenburg"]
[WhiteTeamCountry "GER"]
[BlackTeamCountry "GER"]

1. e4 d6 2. d4 Nf6 3. Nc3 e5 4. Nge2 Be7 5. h3 0-0 6. g4 c6 7. Bg2 b5 8. a3 Nbd7 9. 0-0 a6 10. f4 Bb7 11. dxe5 dxe5 12. f5 h6 13. Qe1 a5 14. Bd2 b4 15. axb4 axb4 16. Rxa8 Qb6+ 17. Kh2 Rxa8 18. Nd1 Ra1 19. Qf2 Ba6 20. Qe1 Qc5 21. c3 Bd3 22. Nc1 Bxf1 23. Nb3 Qa7 24. Nxa1 Bb5 25. Nf2 Bc5 26. Nh1 Qa2 27. Qc1 Bd3 28. Ng3 bxc3 29. Bxc3 Qc4 30. Qe1 Bd4 31. Bxd4 Qxd4 32. Qc3 Qxc3 33. bxc3 Nc5 34. Kg1 Nfxe4 35. Nxe4 Nxe4 36. Nb3 Nxc3 37. Bxc6 Ne2+ 38. Kf2 Nf4 39. Kg3 Bc4 40. Nd2 Bd5 41. Bb5 Kf8 42. h4 f6 43. Nf1 Ke7 44. Ne3 Kd6 45. g5 h5 46. Be8 Bc6 47. Bxc6 Kxc6 48. Kf3 Kd6 49. Ke4 Nh3 50. gxf6 gxf6 51. Nf1 Nf4 52. Ng3 Kc5 53. Kf3 Kd6 54. Ne4+ Ke7 55. Ng3 Kf7 56. Ne4 Kg7 57. Ng3 Kh6 58. Ne4 Nd5 59. Ng3 Nc3 60. Ke3 Nd5+ 61. Kf3 Nf4 62. Ne4 Kg7 63. Ng3 Kf7 64. Ne4 Ke7 65. Ng3 Kf7 1/2-1/2

[Event "Baden-ch 94th"]
[Site "Forst"]
[Date "2022.10.03"]
[Round "6"]
[White "Berberich, Christoph"]
[Black "Doll, Rebecca"]
[Result "1/2-1/2"]
[WhiteElo "1933"]
[BlackElo "1973"]
[PlyCount "80"]
[EventDate "2022.09.30"]
[EventType "swiss"]
[EventRounds "7"]
[EventCountry "GER"]
[SourceTitle "CBM 210 Extra"]
[Source "ChessBase"]
[SourceDate "2022.11.30"]
[SourceVersion "1"]
[SourceVersionDate "2022.11.30"]
[SourceQuality "1"]

1. d4 d5 2. Nf3 Nf6 3. e3 e6 4. c4 Nbd7 5. a3 c5 6. dxc5 Nxc5 7. b4 Nce4 8. Bb2 b6 9. Nc3 Nxc3 10. Bxc3 Bb7 11. cxd5 Qxd5 12. Qxd5 Nxd5 13. Bb5+ Ke7 14. Bd4 f6 15. Rc1 Rc8 16. 0-0 Kf7 17. Rxc8 Bxc8 18. Rc1 Bd6 19. e4 Nf4 20. e5 Bb8 21. h4 Bb7 22. exf6 gxf6 23. Ng5+ Ke7 24. Rd1 e5 25. Bb2 fxg5 26. Rd7+ Ke6 27. Rxb7 gxh4 28. Bc4+ Kd6 29. Rf7 Ng6 30. Rf6+ Kd7 31. Rf7+ Kd6 32. Rf6+ Kd7 33. Rf7+ Ne7 34. Bb5+ Kd8 35. f4 Rg8 36. Rxh7 exf4 37. Bf6 Bd6 38. Bxh4 a5 39. bxa5 bxa5 40. a4 Rg6 1/2-1/2

[Event "Baden-ch 94th"]
[Site "Forst"]
[Date "2022.10.03"]
[Round "7"]
[White "Doll, Rebecca"]
[Black "Eberhart, Erik"]
[Result "1/2-1/2"]
[WhiteElo "1973"]
[BlackElo "1869"]
[PlyCount "81"]
[EventDate "2022.09.30"]
[EventType "swiss"]
[EventRounds "7"]
[EventCountry "GER"]
[SourceTitle "CBM 210 Extra"]
[Source "ChessBase"]
[SourceDate "2022.11.30"]
[SourceVersion "1"]
[SourceVersionDate "2022.11.30"]
[SourceQuality "1"]

1. e4 e6 2. d4 d5 3. Nd2 dxe4 4. Nxe4 Nd7 5. Nf3 Ngf6 6. Nxf6+ Nxf6 7. g3 c5 8. Bg2 Be7 9. 0-0 0-0 10. Re1 Qb6 11. dxc5 Bxc5 12. Be3 Bd7 13. Bxc5 Qxc5 14. Ne5 Bc6 15. Bxc6 bxc6 16. Qe2 Rfd8 17. Rad1 Rab8 18. c3 Rxd1 19. Rxd1 h6 20. Nd7 Nxd7 21. Rxd7 Qb6 22. Qf3 Rf8 23. b3 a6 24. c4 c5 25. Kg2 Qa5 26. a4 Qb6 27. Rb7 Qd6 28. a5 Qd2 29. b4 cxb4 30. Qb3 Rc8 31. Rxb4 Qd4 32. Rb8 Qe4+ 33. Kg1 Qe1+ 34. Kg2 Qe4+ 35. Kh3 Qf5+ 36. g4 Qc5 37. Rxc8+ Qxc8 38. Qb4 Qc6 39. Kg3 Qh1 40. Qb8+ Kh7 41. Qf4 1/2-1/2

[Event "Baden-ch 94th"]
[Site "Forst"]
[Date "2022.10.01"]
[Round "2"]
[White "Cernov, Henrik"]
[Black "Doll, Rebecca"]
[Result "1-0"]
[WhiteElo "2066"]
[BlackElo "1973"]
[PlyCount "59"]
[EventDate "2022.09.30"]
[EventType "swiss"]
[EventRounds "7"]
[EventCountry "GER"]
[SourceTitle "CBM 210 Extra"]
[Source "ChessBase"]
[SourceDate "2022.11.30"]
[SourceVersion "1"]
[SourceVersionDate "2022.11.30"]
[SourceQuality "1"]

1. e4 e5 2. Nf3 Nc6 3. Bb5 a6 4. Bxc6 dxc6 5. Nc3 Bg4 6. h3 Bxf3 7. Qxf3 Qf6 8. Qxf6 Nxf6 9. d3 Bd6 10. Be3 0-0 11. 0-0-0 Rfe8 12. Ne2 a5 13. Ng3 a4 14. Nf5 b5 15. Rhf1 Rad8 16. f4 exf4 17. Bxf4 Bxf4+ 18. Rxf4 Re6 19. Rdf1 Ne8 20. Kd2 c5 21. Ne3 Nf6 22. Ke2 c4 23. Rf5 cxd3+ 24. cxd3 c6 25. g4 Rd7 26. Rc5 g6 27. Rfc1 a3 28. b3 Rb7 29. Rxc6 Nd7 30. Rc7 1-0

[Event "GER-ch blitz (Women)"]
[Site "Magdeburg"]
[Date "2022.08.13"]
[Round "22"]
[White "Doll, Rebecca"]
[Black "Braun, Kristin"]
[Result "0-1"]
[WhiteElo "1814"]
[BlackElo "1853"]
[PlyCount "70"]
[EventDate "2022.08.13"]
[EventType "tourn (blitz)"]
[EventRounds "23"]
[EventCountry "GER"]
[SourceTitle "CBM 209 Extra"]
[Source "ChessBase"]
[SourceDate "2022.09.30"]
[SourceVersion "1"]
[SourceVersionDate "2022.09.30"]
[SourceQuality "1"]

1. e4 c5 2. Nf3 d6 3. d4 cxd4 4. Nxd4 Nf6 5. Nc3 g6 6. Be2 Bg7 7. Be3 0-0 8. Qd2 Nc6 9. 0-0-0 Nxd4 10. Bxd4 Be6 11. f4 Rc8 12. Kb1 Qa5 13. Nd5 Qxd2 14. Nxf6+ Bxf6 15. Rxd2 Bxd4 16. Rxd4 Rc7 17. g4 Rfc8 18. c3 a6 19. h4 Bc4 20. Bf3 Be6 21. h5 Kg7 22. hxg6 hxg6 23. f5 Bd7 24. Rhd1 Bc6 25. Be2 Rh8 26. g5 Rh4 27. f6+ Kf8 28. fxe7+ Rxe7 29. Rxd6 Bxe4+ 30. R6d3 Bxd3+ 31. Bxd3 Rg4 32. Kc2 Rxg5 33. Bf1 Rf5 34. Bg2 Rf2+ 35. Rd2 Ree2 0-1

[Event "GER-ch blitz (Women)"]
[Site "Magdeburg"]
[Date "2022.08.13"]
[Round "14"]
[White "Doll, Rebecca"]
[Black "Melamed, Tatiana"]
[Result "0-1"]
[WhiteElo "1814"]
[BlackElo "2363"]
[PlyCount "126"]
[EventDate "2022.08.13"]
[EventType "tourn (blitz)"]
[EventRounds "23"]
[EventCountry "GER"]
[SourceTitle "CBM 209 Extra"]
[Source "ChessBase"]
[SourceDate "2022.09.30"]
[SourceVersion "1"]
[SourceVersionDate "2022.09.30"]
[SourceQuality "1"]

1. e4 Nf6 2. e5 Nd5 3. d4 d6 4. Bc4 Nb6 5. Bb3 e6 6. Nf3 Be7 7. 0-0 0-0 8. Nbd2 a5 9. c3 N8d7 10. Ne4 dxe5 11. dxe5 Nc5 12. Bc2 Qxd1 13. Rxd1 Bd7 14. Be3 Nxe4 15. Bxe4 Bc8 16. Bxb6 cxb6 17. Rd3 b5 18. Rad1 Ra6 19. Nd4 Rb6 20. f4 f6 21. exf6 Bxf6 22. g3 b4 23. Nb3 a4 24. Nc5 a3 25. bxa3 bxc3 26. Na4 Ra6 27. Nxc3 Rxa3 28. Rc1 b6 29. Rc2 Ba6 30. Rf3 Rc8 31. Nd5 Bd4+ 32. Kh1 Rxf3 33. Ne7+ Kf7 34. Nxc8 Rf1+ 35. Kg2 Rg1+ 36. Kh3 Bc5 37. Bxh7 Bxc8 38. a4 Ba6 39. a5 Bd3 40. Bxd3 Ra1 41. axb6 Bxb6 42. Rc6 Bd4 43. Rc7+ Kf6 44. Rc6 Re1 45. Bc4 Kf5 46. Kg2 Rd1 47. Bb3 Rd2+ 48. Kh3 Re2 49. Bc2+ Kf6 50. Bb3 Bg1 51. Kg4 Ke7 52. Kf3 Re1 53. Kg2 Bd4 54. Ra6 Re3 55. Ba2 Kf6 56. Kh3 Re2 57. Kg4 Bg1 58. h3 Re3 59. Rb6 Bh2 60. Rd6 Rxg3+ 61. Kh4 Re3 62. Kg4 Re4 63. Kf3 Rxf4+ 0-1

[Event "GER-ch blitz (Women)"]
[Site "Magdeburg"]
[Date "2022.08.13"]
[Round "9"]
[White "Heil, Marina"]
[Black "Doll, Rebecca"]
[Result "1-0"]
[WhiteElo "1926"]
[BlackElo "1814"]
[PlyCount "55"]
[EventDate "2022.08.13"]
[EventType "tourn (blitz)"]
[EventRounds "23"]
[EventCountry "GER"]
[SourceTitle "CBM 209 Extra"]
[Source "ChessBase"]
[SourceDate "2022.09.30"]
[SourceVersion "1"]
[SourceVersionDate "2022.09.30"]
[SourceQuality "1"]

1. c4 e6 2. Nc3 d5 3. d4 Be7 4. Bf4 Nf6 5. e3 0-0 6. h3 a6 7. Nf3 dxc4 8. Bxc4 b5 9. Be2 Bb7 10. 0-0 c5 11. dxc5 Bxc5 12. Rc1 Qe7 13. a3 Rd8 14. Qc2 Nc6 15. b4 Bd6 16. Bg5 h6 17. Bh4 Ne5 18. Nxe5 Bxe5 19. Qb3 g5 20. Bg3 Bxg3 21. fxg3 Nd5 22. Ne4 Nxe3 23. Qxe3 f5 24. Nc5 Bd5 25. Rxf5 Qd6 26. Rf6 Qe7 27. Rxh6 Qg7 28. Rh5 1-0

[Event "GER-ch blitz (Women)"]
[Site "Magdeburg"]
[Date "2022.08.13"]
[Round "7"]
[White "Kosovska, Olena"]
[Black "Doll, Rebecca"]
[Result "0-1"]
[WhiteElo "1865"]
[BlackElo "1814"]
[PlyCount "96"]
[EventDate "2022.08.13"]
[EventType "tourn (blitz)"]
[EventRounds "23"]
[EventCountry "GER"]
[SourceTitle "CBM 209 Extra"]
[Source "ChessBase"]
[SourceDate "2022.09.30"]
[SourceVersion "1"]
[SourceVersionDate "2022.09.30"]
[SourceQuality "1"]

1. e4 e5 2. Nf3 Nc6 3. Bb5 a6 4. Ba4 Nf6 5. 0-0 Be7 6. d3 b5 7. Bb3 0-0 8. h3 d6 9. a4 Bb7 10. Be3 Na5 11. Ba2 c5 12. axb5 axb5 13. Nc3 b4 14. Ne2 Re8 15. Ng3 Bf8 16. Nf5 d5 17. exd5 Bxd5 18. Bg5 b3 19. cxb3 Nxb3 20. Bxb3 Rxa1 21. Qxa1 Bxb3 22. Qa6 Qc8 23. Qxc8 Rxc8 24. Nxe5 Nd5 25. Nc4 Bxc4 26. dxc4 Nb4 27. Ne7+ Bxe7 28. Bxe7 Rc7 29. Bd6 Rc6 30. Re1 f6 31. Bg3 Nd3 32. Re2 Rb6 33. Rd2 Nxb2 34. Rd5 Nxc4 35. Rxc5 Rb1+ 36. Kh2 Nd2 37. Bf4 Nf1+ 38. Kg1 Ng3+ 39. Kh2 Nf1+ 40. Kg1 Ng3+ 41. Rc1 Ne2+ 42. Kh2 Nxc1 43. Kg3 Ne2+ 44. Kf3 Nxf4 45. Kxf4 Rb4+ 46. Ke3 Rb3+ 47. Kf4 Rb2 48. Kg3 Kf7 0-1

[Event "BL2-Sued 2122"]
[Site "Germany"]
[Date "2022.07.03"]
[Round "10.8"]
[White "Lisanti, Marco"]
[Black "Doll, Rebecca"]
[Result "1-0"]
[WhiteElo "2091"]
[BlackElo "1941"]
[PlyCount "93"]
[EventDate "2022.03.05"]
[EventType "team-tourn"]
[EventRounds "10"]
[EventCountry "GER"]
[SourceTitle "EXT 2023"]
[Source "ChessBase"]
[SourceDate "2022.10.05"]
[SourceVersion "1"]
[SourceVersionDate "2022.10.05"]
[SourceQuality "1"]
[WhiteTeam "Schott Mainz"]
[BlackTeam "Baden-Baden II"]
[WhiteTeamCountry "GER"]
[BlackTeamCountry "GER"]

1. d4 d5 2. c4 e6 3. Nc3 Be7 4. Nf3 Nf6 5. Bg5 0-0 6. e3 Nbd7 7. Qc2 b6 8. cxd5 exd5 9. Bd3 Bb7 10. Ne5 h6 11. h4 Nxe5 12. dxe5 Ng4 13. Bf4 Bxh4 14. g3 Bg5 15. 0-0-0 Qe7 16. Rh5 f6 17. exf6 Bxf6 18. Nxd5 Bxd5 19. Rxd5 Kh8 20. Qe2 Ne5 21. Bc2 c6 22. R5d4 Qf7 23. Bxe5 Bxe5 24. Qd3 g6 25. Rh4 h5 26. Qxg6 Qxg6 27. Bxg6 Kg7 28. Bc2 Rxf2 29. Rxh5 Bf6 30. Rd7+ Kf8 31. Rhh7 Rf1+ 32. Bd1 Re8 33. Kd2 Bxb2 34. Bb3 Ra8 35. Ke2 Rf5 36. g4 Rb5 37. Rh6 Rc8 38. Rg6 Rxb3 39. axb3 a5 40. Ra7 Ba3 41. g5 Bb2 42. Kf3 Bc3 43. e4 b5 44. Kf4 c5 45. e5 Re8 46. e6 a4 47. Rf7# 1-0

[Event "Verbandsliga Suedbaden 2122"]
[Site "Baden"]
[Date "2022.04.24"]
[Round "9.1"]
[White "Doll, Rebecca"]
[Black "Habibi, Ali"]
[Result "0-1"]
[WhiteElo "1970"]
[BlackElo "2192"]
[PlyCount "76"]
[EventDate "2021.10.10"]
[EventType "team-tourn"]
[EventRounds "9"]
[EventCountry "GER"]
[SourceTitle "EXT 2023"]
[Source "ChessBase"]
[SourceDate "2022.10.05"]
[SourceVersion "1"]
[SourceVersionDate "2022.10.05"]
[SourceQuality "1"]
[WhiteTeam "Baden-Baden IV"]
[BlackTeam "Brombach II"]
[WhiteTeamCountry "GER"]
[BlackTeamCountry "GER"]

1. e4 c5 2. Nf3 a6 3. c3 d5 4. exd5 Qxd5 5. d4 e6 6. Be3 cxd4 7. Qxd4 Nf6 8. Bc4 Qxd4 9. Nxd4 b5 10. Bb3 Bb7 11. 0-0 Be7 12. Bf4 0-0 13. Re1 Nd5 14. Bg3 Re8 15. Nd2 Nd7 16. Ne4 Nc5 17. Nxc5 Bxc5 18. Rad1 h6 19. Re2 Nf6 20. f3 Nh5 21. Bf2 Nf4 22. Red2 Be7 23. a4 b4 24. cxb4 Bxb4 25. Rc2 Rac8 26. Rxc8 Rxc8 27. Nc2 Bf8 28. Ne3 Bc5 29. Ng4 Bb4 30. Ne5 Bd5 31. Bxd5 Nxd5 32. Nd3 Be7 33. Rc1 Rb8 34. Bd4 Rb3 35. Ne5 Bf6 36. Rc2 Rb4 37. Rd2 Bg5 38. Rd3 Rxd4 0-1

[Event "BL 2122 (Women)"]
[Site "Germany"]
[Date "2022.03.19"]
[Round "5.6"]
[White "Genova, Liubka"]
[Black "Doll, Rebecca"]
[Result "1-0"]
[WhiteElo "2225"]
[BlackElo "1937"]
[PlyCount "83"]
[EventDate "2021.11.27"]
[EventType "team-tourn"]
[EventRounds "11"]
[EventCountry "GER"]
[SourceTitle "EXT 2023"]
[Source "ChessBase"]
[SourceDate "2022.10.05"]
[SourceVersion "1"]
[SourceVersionDate "2022.10.05"]
[SourceQuality "1"]
[WhiteTeam "Hamburger SK (W)"]
[BlackTeam "Baden-Baden (W)"]
[WhiteTeamCountry "GER"]
[BlackTeamCountry "GER"]

1. e4 e5 2. Nf3 Nc6 3. Nc3 Nf6 4. d4 exd4 5. Nxd4 Nxe4 6. Nxe4 Qe7 7. f3 d5 8. Nxc6 bxc6 9. Bd3 dxe4 10. fxe4 Qh4+ 11. g3 Qf6 12. c3 Bh3 13. Qe2 Bd6 14. Be3 Be5 15. 0-0-0 a5 16. Bc2 0-0 17. Bd4 Rfe8 18. Kb1 Qg6 19. Qf2 Re7 20. Bxe5 Rxe5 21. Qf4 Qe6 22. Rhg1 g5 23. Qf2 Bg4 24. Rdf1 a4 25. h4 Bh3 26. Rd1 h6 27. hxg5 hxg5 28. Rh1 g4 29. Rd4 c5 30. Rdd1 a3 31. b3 Rb8 32. Ka1 Rh5 33. Rhe1 Qe5 34. Re3 Qe6 35. Bd3 Rh6 36. e5 Rh5 37. Bc4 Qf5 38. Qe2 Kg7 39. e6 fxe6 40. Rxe6 Qf3 41. Re7+ Kg6 42. Bd3+ 1-0